Client profiles in nursing : (Record no. 5676)

MARC details
000 -LEADER
fixed length control field 00560nam a22001937a 4500
003 - CONTROL NUMBER IDENTIFIER
control field OSt
005 - DATE AND TIME OF LATEST TRANSACTION
control field 20170310164438.0
008 - FIXED-LENGTH DATA ELEMENTS--GENERAL INFORMATION
fixed length control field 170310b xxu||||| |||| 00| 0 eng d
020 ## - INTERNATIONAL STANDARD BOOK NUMBER
International Standard Book Number 0521687934
040 ## - CATALOGING SOURCE
Transcribing agency 040a
082 ## - DEWEY DECIMAL CLASSIFICATION NUMBER
Classification number WY 100
Item number C615 2005
245 ## - TITLE STATEMENT
Title Client profiles in nursing :
Remainder of title adults and the elderly /
Statement of responsibility, etc. P. Simpson, T. Okubadejo
260 ## - PUBLICATION, DISTRIBUTION, ETC. (IMPRINT)
Place of publication, distribution, etc. Cambridge
Name of publisher, distributor, etc. Cambridge University press
Date of publication, distribution, etc. 2005
300 ## - PHYSICAL DESCRIPTION
Extent x, 341p;
Other physical details ill :
Dimensions 15 cm.
650 ## - SUBJECT ADDED ENTRY--TOPICAL TERM
Topical term or geographic name as entry element Nursing
9 (RLIN) 135
700 ## - ADDED ENTRY--PERSONAL NAME
Personal name Simpson, P.
9 (RLIN) 11828
700 ## - ADDED ENTRY--PERSONAL NAME
Personal name Okubadejo, T.
9 (RLIN) 11829
942 ## - ADDED ENTRY ELEMENTS (KOHA)
Source of classification or shelving scheme Other/Generic Classification Scheme
Koha item type Open Shelf
Holdings
Withdrawn status Lost status Source of classification or shelving scheme Damaged status Not for loan Home library Current library Date acquired Source of acquisition Inventory number Total Checkouts Full call number Barcode Date last seen Price effective from Koha item type
    Other/Generic Classification Scheme     MUST Main Library MUST Main Library 10/03/2017   2010/32230   WY 100 C615 2005 2017-0374 10/03/2017 10/03/2017 Open Shelf